Evidence and truth : (Record no. 834)

MARC details
000 -LEADER
fixed length control field 00574nam a2200193Ia 4500
003 - CONTROL NUMBER IDENTIFIER
control field GBCCL
005 - DATE AND TIME OF LATEST TRANSACTION
control field 20241126110347.0
008 - FIXED-LENGTH DATA ELEMENTS--GENERAL INFORMATION
fixed length control field 170320b xxu||||| |||| 00| 0 eng d
020 ## - INTERNATIONAL STANDARD BOOK NUMBER
International Standard Book Number 1581344708 ( trade pbk
040 ## - CATALOGING SOURCE
Transcribing agency gbc
082 ## - DEWEY DECIMAL CLASSIFICATION NUMBER
Classification number 239
Item number MOR
100 ## - MAIN ENTRY--PERSONAL NAME
Personal name Morgan, Robert J
Dates associated with a name 1952-
9 (RLIN) 1251
245 ## - TITLE STATEMENT
Title Evidence and truth :
Remainder of title foundations for Christian truth /
Statement of responsibility, etc. Robert J Morgan.
260 ## - PUBLICATION, DISTRIBUTION, ETC.
Name of publisher, distributor, etc. Crossway books,
Place of publication, distribution, etc. Wheaton, Ill., :
Date of publication, distribution, etc. 2003
300 ## - PHYSICAL DESCRIPTION
Extent 126p. :
Other physical details 23cm.
650 ## - SUBJECT ADDED ENTRY--TOPICAL TERM
Topical term or geographic name entry element Apologetics
9 (RLIN) 85
650 ## - SUBJECT ADDED ENTRY--TOPICAL TERM
Topical term or geographic name entry element Evidence and truth
9 (RLIN) 1252
942 ## - ADDED ENTRY ELEMENTS (KOHA)
Edition 1ST PRINTING
Source of classification or shelving scheme Dewey Decimal Classification
Koha item type Books
Koha issues (borrowed), all copies 33
Holdings
Withdrawn status Lost status Source of classification or shelving scheme Damaged status Not for loan Home library Current Library Shelving location Date acquired Total checkouts Total renewals Full call number Barcode Date last seen Date last checked out Copy number Price effective from Koha item type
    Dewey Decimal Classification     GRACE BIBLE COLLEGE GRACE BIBLE COLLEGE Theology 2017-03-20 38 6 239 MOR 006870 2025-08-05 2025-07-31 c.1 2017-03-20 Books
© Grace Bible College Library 2025